Statistics for 10 Biggest Cities in Slovakia

Click here to take the quiz!

General Stats

  • This quiz has been taken 311 times
  • The average score is 8 of 10

Answer Stats

PopulationCity% Correct
420 000Bratislava
100%
235 000Kosice
92%
85 000Nitra
87%
95 000Presov
85%
80 000Banska Bystrica
83%
70 000Trnava
82%
85 000Zilina
80%
60 000Trencin
77%
55 000Poprad
75%
60 000Martin
68%

Score Distribution

Percentile by Number Answered

Percent of People with Each Score

Your Score History

You have not taken this quiz